Biggest American Cities that End in S on a Map - Statistics

General Stats
  • This quiz has been taken 224 times
  • The average score is 20 of 30
Answers on the Map
Answers color-coded by a green-red scale on the quiz's map according to % correct below.
 
Answer Stats
Population City % Correct
3,898,747 Los Angeles
99%
1,304,379 Dallas
98%
383,997 New Orleans
97%
641,903 Las Vegas
95%
887,642 Indianapolis
94%
429,954 Minneapolis
94%
633,104 Memphis
93%
905,748 Columbus
92%
206,922 Columbus
92%
301,578 St. Louis
86%
478,961 Colorado Springs
85%
214,133 Des Moines
85%
262,527 North Las Vegas
75%
192,517 Sioux Falls
75%
117,116 Billings
74%
198,917 Grand Rapids
67%
211,569 Yonkers
59%
127,315 Athens
58%
111,385 Las Cruces
58%
137,710 Cedar Rapids
54%
169,810 Fort Collins
51%
186,247 Newport News
49%
108,445 Sparks
37%
134,346 Sterling Heights
37%
111,640 Miami Gardens
35%
163,542 Salinas
35%
134,394 Coral Springs
33%
171,178 Pembroke Pines
31%
126,966 Thousand Oaks
27%
120,124 Clovis
18%
No matching quizzes found
Score Distribution
Percent of People with Each Score
Percentile by Number Answered
Your Score History
You have not taken this quiz